000 00304nam a22001217a 4500
082 _a346.03
_bKAP
100 _aKapoor, S.K.
245 _aRatan Lal Law of Torts /
_cS.K. Kapoor
260 _aLahore :
_bCentral Law Agency,
_cN.A.
300 _a250 p. ;
_c24 cm.
563 _aHB.
942 _2ddc
_cBK
999 _c616016
_d616016